000 00504nam a2200205Ia 4500
003 OSt
005 20230418090814.0
008 210423s2010 xx 000 0 und d
020 _a9788120301160
040 _cAL
041 _aeng
082 _a658.001
_223
_bDEAJ
100 _aDEAN (Joel).
_989607
245 _aManagerial economics.
260 _aNew Delhi
_bPHI Learning Pvt Ltd
_c2010
300 _axiv,621
_bPB
365 _b275
_cINR
906 _aeconomics. ; Managerial
942 _2ddc
_cBK
999 _c160594
_d160594